[Event "FRA-ch blind 30th"]
[Site "Arras"]
[Date "2014.06.01"]
[Round "7"]
[White "Loyarte, Frederic"]
[Black "Asselineau, Dominique"]
[Result "0-1"]
[WhiteElo "1439"]
[BlackElo "1646"]
[PlyCount "36"]
[EventDate "2014.05.30"]
[EventType "swiss"]
[EventRounds "7"]
[EventCountry "FRA"]
[SourceTitle "EXT 2015"]
[Source "ChessBase"]
[SourceDate "2014.11.20"]
[SourceVersion "1"]
[SourceVersionDate "2014.11.20"]
[SourceQuality "1"]

1. d4 Nf6 2. c4 g6 3. Nc3 d5 4. e3 Bg7 5. Nf3 c5 6. Be2 0-0 7. 0-0 Nc6 8. a3 e6 9. Re1 Na5 10. Nd2 dxc4 11. Nxc4 cxd4 12. Nxa5 dxc3 13. Qxd8 Rxd8 14. bxc3 Ne4 15. Rd1 Rxd1+ 16. Bxd1 b6 17. Nc6 Bb7 18. Ba4 Nxc3 0-1